| 000 | 00794cam a2200253 a 4500 | ||
|---|---|---|---|
| 005 | 20260322212004.0 | ||
| 008 | data | ||
| 010 | _a 89027150 | ||
| 020 |
_a0385266421 : _c{dollar}9.95 ({dollar}12.95 Can.) |
||
| 020 |
_a9780385266420 : _c{dollar}9.95 ({dollar}12.95 Can.) |
||
| 040 |
_aDLC _cDLC _dDLC |
||
| 050 | 0 | 0 |
_aPE1145.2 _b.R6 1990 |
| 082 | 0 | 0 |
_a428.1 _220 |
| 092 | _a428.1 R6 1990 | ||
| 245 | 0 | 0 |
_aSpelling made simple / _cedited by Stephen V. Ross & Sheila Henderson. |
| 250 | _aRev. ed. | ||
| 260 |
_aNew York : _bMade Simple Books, _cc1990. |
||
| 300 |
_a192 p. ; _c26 cm. |
||
| 650 | 0 | _aSpellers. | |
| 700 | 1 | _aRoss, Stephen V. | |
| 700 | 1 |
_aHenderson, Sheila, _d1950- |
|
| 856 | 4 | 2 |
_3Publisher description _uhttp://www.loc.gov/catdir/description/random046/89027150.html |
| 001 | data | ||
| 999 |
_c37 _d37 |
||